[Event "November 2018"]
[Site "SchemingMind.com"]
[Date "2019.04.04"]
[Round "-"]
[White "Geoffrey Rosser"]
[Black "Andreas Flato"]
[Result "0-1"]
[WhiteCountry "ENG"]
[BlackCountry "GER"]
[WhiteElo "1851"]
[WhiteRD "63"]
[BlackElo "1831"]
[BlackRD "96"]
[GameID "439944"]

1. e4 e5 2. Nf3 d6 3. Nc3 Be7 4. d4 exd4 5. Nxd4 Nf6 6. Bb5+ c6 7. Bc4 b5 8. Bd3 O-O 9. O-O Bb7 10. Nf5 b4
11. Ne2 c5 12. Neg3 Nc6 13. Nxe7+ Qxe7 14. Nf5 Qd8 15. Bf4 Ne5 16. f3 Qb6 17. Kh1 Rfd8 18. Bg5 c4 19. Be2 d5 20. exd5 Bxd5
21. Ne7+ Kh8 22. Nxd5 Rxd5 23. Qe1 Re8 24. Bxf6 gxf6 25. Bxc4 Rdd8 26. Qh4 Rd4 27. Qe1 Rxc4 28. f4 Rxc2 29. fxe5 Rxe5 30. Qh4 Kg7
31. Rf3 Rg5 32. Rh3 h5 33. Rg3 Kh6 34. Qf4 Rf2 35. Qc1 Qd4 36. Rxg5 fxg5 37. Rb1 Qe4 38. Qg1 Rxg2 39. Qxg2 Qxb1+ 40. Qg1 Qxg1+
41. Kxg1 g4 42. Kf2 Kg5 43. a3 bxa3 44. bxa3 h4 45. a4 a5 46. Ke3 f5 47. Kf2 h3 48. Kf1 Kh4 49. Kf2 f4 50. Kf1= g3
51. Kg1 gxh2+ 52. Kxh2 Kg4 53. Kh1 Kf3
0-1

[Event "November 2018"]
[Site "SchemingMind.com"]
[Date "2019.04.04"]
[Round "-"]
[White "Andreas Flato"]
[Black "Geoffrey Rosser"]
[Result "0-1"]
[WhiteCountry "GER"]
[BlackCountry "ENG"]
[WhiteElo "1831"]
[WhiteRD "96"]
[BlackElo "1851"]
[BlackRD "63"]
[GameID "439945"]

1. e4 e5 2. f4 exf4 3. Nf3 g5 4. d4 Bg7 5. Bc4 d6 6. h4 h6 7. hxg5 hxg5 8. Rxh8 Bxh8 9. Nh2 g4 10. Nxg4 Qh4+
11. Nf2 Nf6 12. Nc3 Ng4 13. Qf3 Bxd4 14. Bxf7+ Kxf7 15. Qxf4+ Qf6 16. Nxg4 Qxf4 17. Bxf4 Bxc3+ 18. bxc3 Bxg4 19. Rb1 b6 20. e5 dxe5
21. Bxe5 Na6 22. Kf2 Re8 23. Re1 Nc5 24. Bxc7 Ne4+ 25. Kf1 Nxc3
0-1

[Event "November 2018"]
[Site "SchemingMind.com"]
[Date "2019.04.08"]
[Round "-"]
[White "Helga1946"]
[Black "smothered mate"]
[Result "0-1"]
[WhiteCountry "GER"]
[BlackCountry "POL"]
[WhiteElo "2202"]
[WhiteRD "79"]
[BlackElo "2241"]
[BlackRD "77"]
[GameID "440002"]

1. e4 c5 2. Nf3 d6 3. d4 cxd4 4. Qxd4 a6 5. h3 Nc6 6. Qd3 Nf6 7. a3 g6 8. b4 Bg7 9. Bb2 O-O 10. c4 e5
11. Be2 Be6 12. Nbd2 Qe7 13. Qe3 Nh5 14. Qg5 f6 15. Qe3 Nf4 16. Bf1 Rac8 17. g3 f5 18. Rc1 fxe4 19. Qxe4 Nd4 20. Bxd4 d5
21. Qe3 exd4 22. Nxd4 Bxd4 23. Qxd4 Rce8 24. Rc3 Bf5+ 25. Re3 Ne6 26. Qxd5 Rd8 27. Bg2 Rxd5 28. cxd5 Bd3 29. dxe6 Bb5 30. Bf1 Qf6
31. Rh2 Qa1+
0-1

[Event "November 2018"]
[Site "SchemingMind.com"]
[Date "2019.04.08"]
[Round "-"]
[White "smothered mate"]
[Black "Helga1946"]
[Result "1-0"]
[WhiteCountry "POL"]
[BlackCountry "GER"]
[WhiteElo "2272"]
[WhiteRD "80"]
[BlackElo "2167"]
[BlackRD "75"]
[GameID "440003"]

1. e4 e6 2. d4 c5 3. c3 d5 4. e5 Nc6 5. Nf3 Qc7 6. Na3 Bd7 7. Bd3 c4 8. Bb1 Bxa3 9. bxa3 Qa5 10. Qd2 a6
11. O-O Nge7 12. Bc2 Nd8 13. h3 Ba4 14. Bb1 Rc8 15. Bb2 Rc6 16. Nh2 h6 17. f4 g6 18. Ng4 Ng8 19. Rf2 h5 20. Nh2 Ne7
21. Nf3 Rc7 22. Re2 Ndc6 23. Qe1 Na7 24. Ng5 Nb5 25. Qd2 Rc6 26. Re3 Rb6 27. Qe2 h4 28. Kh2 Na7 29. Rf3 Bc6 30. Bc1 Ba4
31. Qe3 Nac6 32. Rf2 Rb5 33. Rb2 Rxb2 34. Bxb2 Qd8 35. Qf2 Qb6 36. Bc1 Qd8 37. Qb2 Qc7 38. Bd2 b5 39. Be1 Ng8 40. Qc1 Qd7
41. Bf2 Qe7 42. Nf3 a5 43. Ne1 b4 44. Nf3 bxc3 45. Qxc3 Kf8 46. Qb2 Kg7 47. Qc3 Rh5 48. Ng1 Qd8 49. Bc2 Nge7 50. Bxa4 Qb6
51. Bc2 Rh8 52. Rb1 Qc7 53. Nf3
1-0

[Event "November 2018"]
[Site "SchemingMind.com"]
[Date "2019.04.20"]
[Round "-"]
[White "dadshane2000"]
[Black "Ramesh Panwar"]
[Result "0-1"]
[WhiteCountry "USA"]
[BlackCountry "IND"]
[WhiteElo "1864"]
[WhiteRD "90"]
[BlackElo "2564"]
[BlackRD "78"]
[GameID "440362"]

1. e4 e5 2. Nf3 Nc6 3. Bb5 a6 4. Ba4 Nf6 5. O-O Be7 6. Re1 b5 7. Bb3 d6 8. c3 O-O 9. h3 h6 10. d4 Re8
11. Nbd2 exd4 12. cxd4 Na5 13. Bc2 c5 14. Nb3 Nxb3 15. axb3 Bb7 16. e5 dxe5 17. dxe5 Nh7 18. Bf4 Nf8 19. Qe2 Qd5 20. Rad1 Qc6
21. Be4 Qxe4 22. Qxe4 Bxe4 23. Nd2 Bg6
0-1

[Event "November 2018"]
[Site "SchemingMind.com"]
[Date "2019.04.20"]
[Round "-"]
[White "Ramesh Panwar"]
[Black "dadshane2000"]
[Result "1-0"]
[WhiteCountry "IND"]
[BlackCountry "USA"]
[WhiteElo "2564"]
[WhiteRD "78"]
[BlackElo "1864"]
[BlackRD "90"]
[GameID "440363"]

1. d4 g6 2. e4 Bg7 3. c4 d6 4. Nc3 Nf6 5. Nf3 O-O 6. Be2 e5 7. O-O Nc6 8. d5 Ne7 9. h3 h6 10. Rb1 c6
11. dxc6 Nxc6 12. b3 a6 13. Be3 Be6 14. Qc1 Kh7 15. Rd1 Qe7 16. Rb2 Rfd8 17. Rbd2 Ne8 18. Qb1 f5 19. exf5 Bxf5 20. Qc1 Be6
21. g4 g5 22. h4 gxh4 23. Nd5 Bxd5 24. cxd5 Na7 25. Qb1+ Kg8 26. a4 Rdc8 27. Bd3 Nf6 28. Bf5 Rc3 29. Be6+ Kf8 30. Nxh4
1-0

[Event "November 2018"]
[Site "SchemingMind.com"]
[Date "2019.04.27"]
[Round "-"]
[White "Geoffrey Rosser"]
[Black "splinter"]
[Result "1-0"]
[WhiteCountry "ENG"]
[BlackCountry "CAN"]
[WhiteElo "1872"]
[WhiteRD "63"]
[BlackElo "1786"]
[BlackRD "75"]
[GameID "440691"]

1. e4 c5 2. c3 Nf6 3. Bd3 Nc6 4. Bc2 d5 5. exd5 Qxd5 6. Qf3 Qe5+ 7. Ne2 Bg4 8. Qe3 Qxe3 9. dxe3 O-O-O 10. Na3 e5
11. f3 Be6 12. Kf2 Be7 13. Ng3 g6 14. Ne4 Nxe4+ 15. Bxe4 Bd5 16. Bxd5 Rxd5 17. e4 Rd3 18. Be3 Rhd8 19. Ke2 f5 20. Rab1 f4
21. Bd4 Nxd4+ 22. Kxd3 Nxf3+ 23. Ke2 Ng5 24. Rbd1 Nxe4 25. Rxd8+ Bxd8 26. Nc4 Bc7 27. Rd1 Nf6 28. Nd6+ Kb8 29. Nb5 a6 30. Nxc7 Kxc7
31. g3 g5 32. gxf4 exf4 33. Kf3 b5 34. h4 h6 35. hxg5 hxg5 36. Rg1 Nh7 37. Kg4
1-0

[Event "November 2018"]
[Site "SchemingMind.com"]
[Date "2019.04.28"]
[Round "-"]
[White "splinter"]
[Black "Geoffrey Rosser"]
[Result "1/2-1/2"]
[WhiteCountry "CAN"]
[BlackCountry "ENG"]
[WhiteElo "1786"]
[WhiteRD "75"]
[BlackElo "1872"]
[BlackRD "63"]
[GameID "440692"]

1. c4 e5 2. Nc3 Nf6 3. g3 d5 4. cxd5 Nxd5 5. Bg2 c6 6. Nxd5 cxd5 7. Qb3 e4 8. e3 Nc6 9. Ne2 Bc5 10. Qc3 Bf8
11. O-O Qd6 12. a3 Ne5 13. Nd4 Bd7 14. Qb3 Rb8 15. f3 exf3 16. Nxf3 Nxf3+ 17. Bxf3 Bc6 18. d3 Be7 19. Bd2 O-O 20. Bb4 Qe6
21. Rae1 d4 22. Qxe6 fxe6 23. Bxe7 Rxf3 24. Rxf3 Bxf3 25. e4 Rc8 26. Kf2 Bg4 27. Kg1 Kf7 28. Bg5 Rc2 29. b4 Be2 30. Bf4 Bxd3
31. Be5 Rc4 32. Rd1 Bxe4 33. Rxd4 Rxd4 34. Bxd4 a6 35. Kf2 g5 36. Ke3 Bd5 37. Be5 Kg6 38. Kd4 Kf5 39. h3 Bg2 40. h4 gxh4
41. gxh4 Bd5 42. Bd6 Kg4 43. Be7 Kf3 44. Bd8 Ke2 45. a4 Kd2=
1/2-1/2

[Event "November 2018"]
[Site "SchemingMind.com"]
[Date "2019.07.16"]
[Round "-"]
[White "Ramesh Panwar"]
[Black "Phillip Beckett"]
[Result "1-0"]
[WhiteCountry "IND"]
[BlackCountry "ENG"]
[WhiteElo "2564"]
[WhiteRD "78"]
[BlackElo "1505"]
[BlackRD "47"]
[GameID "443653"]

1. c4 e5 2. Nc3 Nf6 3. Nf3 Nc6 4. g3 d5 5. cxd5 Nxd5 6. Bg2 Be6 7. O-O f6 8. d4 exd4 9. Nxd4 Nxd4 10. Qxd4 Nxc3
11. Qxc3 c6 12. Be3 Be7 13. Bxa7 Rxa7 14. Qe3 b6 15. Qxe6 Qd6 16. Qc8+ Qd8 17. Qxc6+ Kf7 18. Rfd1 Qc7 19. Qd5+ Kf8 20. Rac1 Qb8
21. Qe6 Bc5 22. b4 Re7 23. Qh3 Bd6 24. Rc8+ Qxc8 25. Qxc8+
1-0

[Event "November 2018"]
[Site "SchemingMind.com"]
[Date "2019.07.19"]
[Round "-"]
[White "VHMC"]
[Black "Giraldo Menendez Rodriguez"]
[Result "0-1"]
[WhiteCountry "MEX"]
[BlackCountry "CUB"]
[WhiteElo "1555"]
[WhiteRD "149"]
[BlackElo "2275"]
[BlackRD "103"]
[GameID "443740"]

1. e4 c5 2. Nc3 Nc6 3. g3 g6 4. Bg2 Bg7 5. Nge2 e5 6. O-O Nge7 7. d3 d6 8. Be3 O-O 9. Qd2 Nd4 10. h3 Bxh3
11. Bxd4 Bxg2 12. Kxg2 cxd4 13. Nd5 Nxd5 14. exd5 f5 15. Rh1 h5 16. c3 Qa5 17. Qc2 Qxd5+ 18. f3 dxc3 19. Nxc3 Qf7 20. Rac1 Rad8
21. Nb5 d5 22. Nxa7 f4 23. Qf2 e4 24. dxe4 fxg3 25. Qxg3 dxe4 26. fxe4 Rd2+ 27. Kh3 Qe6+ 28. Kh4 Bf6+ 29. Qg5 Qg4#
0-1

[Event "November 2018"]
[Site "SchemingMind.com"]
[Date "2019.07.20"]
[Round "-"]
[White "Giraldo Menendez Rodriguez"]
[Black "VHMC"]
[Result "1-0"]
[WhiteCountry "CUB"]
[BlackCountry "MEX"]
[WhiteElo "2275"]
[WhiteRD "103"]
[BlackElo "1555"]
[BlackRD "149"]
[GameID "443741"]

1. Nf3 Nf6 2. c4 e6 3. g3 Be7 4. Bg2 O-O 5. O-O d5 6. d4 Nbd7 7. Qc2 c6 8. Nbd2 dxc4 9. Nxc4 b5 10. Nce5 Bb7
11. Nxc6 Bxc6 12. Qxc6 a6 13. Bd2 Qb6 14. Rfc1 Qxc6 15. Rxc6 Rac8 16. Rxa6 Ne4 17. Be3 Rc2 18. Ne1 Rxb2 19. Bxe4 Rxe2 20. Bf3 Rb2
21. Ra7 Rd8 22. Rc1 Bf6 23. Nd3 Bxd4 24. Rxd7 Ra8 25. Bxa8 h6 26. Rc8+ Kh7 27. Be4+ f5 28. Bxd4 Rb1+ 29. Kg2
1-0

[Event "November 2018"]
[Site "SchemingMind.com"]
[Date "2019.08.29"]
[Round "-"]
[White "Giraldo Menendez Rodriguez"]
[Black "Geoffrey Rosser"]
[Result "1-0"]
[WhiteCountry "CUB"]
[BlackCountry "ENG"]
[WhiteElo "2300"]
[WhiteRD "100"]
[BlackElo "1883"]
[BlackRD "68"]
[GameID "445250"]

1. Nf3 d5 2. d4 Nc6 3. c4 e6 4. Nc3 Nf6 5. Bg5 Be7 6. e3 O-O 7. Rc1 a6 8. Be2 dxc4 9. Bxc4 Nd5 10. Bxe7 Ncxe7
11. Ne4 b6 12. Bd3 Bb7 13. a3 Ng6 14. O-O Rc8 15. b4 Nf6 16. Nxf6+ Qxf6 17. Qe2 Bxf3 18. Qxf3 Qxf3 19. gxf3 Nh4 20. f4 Nf3+
21. Kg2 Nh4+ 22. Kg3 Nf5+ 23. Bxf5 exf5 24. Rc6 Rfe8 25. Rfc1 Re6 26. Rxc7 Rxc7 27. Rxc7 Kf8 28. Kf3 Ke8 29. a4 Rh6 30. Ra7 b5
31. a5 Rd6 32. d5 h6 33. e4 g5 34. fxg5 fxe4+ 35. Kxe4 hxg5 36. Ke5 Rh6 37. d6 Rh4 38. Rxa6 Rxb4 39. Ra8+ Kd7 40. a6 Ra4
41. a7 b4 42. Rf8
1-0

[Event "November 2018"]
[Site "SchemingMind.com"]
[Date "2019.08.29"]
[Round "-"]
[White "Geoffrey Rosser"]
[Black "Giraldo Menendez Rodriguez"]
[Result "0-1"]
[WhiteCountry "ENG"]
[BlackCountry "CUB"]
[WhiteElo "1919"]
[WhiteRD "66"]
[BlackElo "2305"]
[BlackRD "104"]
[GameID "445251"]

1. e4 c5 2. c3 Nf6 3. Bd3 Nc6 4. Nf3 d5 5. exd5 Qxd5 6. Qe2 Bg4 7. Bc4 Qd7 8. O-O Qf5 9. d3 Bxf3 10. Qxf3 Qxf3
11. gxf3 e6 12. Bf4 Nd5 13. Be3 O-O-O 14. Nd2 Ne5 15. d4 cxd4 16. Bxd4 Nc6 17. Nb3 Nxd4 18. Nxd4 Nb6 19. Bb3 Bc5 20. Rad1 Bxd4
21. Rxd4 Rxd4 22. cxd4 Rd8 23. Rc1+ Kb8 24. Rd1 Nd5 25. Kg2 Nf4+ 26. Kf1 Kc7 27. Ke1 b5 28. Rd2 g6 29. Kd1 a5 30. a3 Kd6
31. Rc2 a4 32. Ba2 Ke7 33. Rc7+ Kf6 34. Rb7 Rxd4+ 35. Kc2 Rd3 36. Rxb5 Rxf3 37. Rb4 Rxf2+ 38. Kb1 g5 39. Bc4 Rxh2 40. Rxa4 h5
41. Ra8 g4 42. Rd8 g3 43. Bf1 Rh1 44. Rd1 Nd5 45. a4 Ne3 46. a5 Nxf1 47. a6 g2 48. a7 g1=Q 49. a8=Q Nd2+ 50. Ka2 Qxd1
51. Qd8+ Kg7 52. Qd4+ f6 53. b4 Qb3#
0-1